Chúng tôi đánh giặc và làm thơ : Tuyển thơ nhiều tác giả T.1 /

Tập thơ : "Chúng tôi đánh giặc và làm thơ" bao gồm sáng tác của các nhà thơ đã tham gia quân ngũ qua hai cuộc kháng chiến chống thực dân Pháp và đế quốc Mỹ.

Guardado en:
Detalles Bibliográficos
Formato: Libro
Lenguaje:Vietnamese
Publicado: Hà Nội : Thanh niên, 1998.
Materias:
Etiquetas: Agregar Etiqueta
Sin Etiquetas, Sea el primero en etiquetar este registro!
Thư viện lưu trữ: Mạng thư viện Đại học Đà Nẵng
LEADER 01075cam a2200325 i 4500
001 000042855
003 730
005 20040521140643.0
008 010217b1998 vm 000 vie
020 |c 62000 
040 |a IRC  |c IRC  |d IRC 
041 0 |a vie 
082 1 4 |a 895.921008  |b Ch-T 
245 0 0 |a Chúng tôi đánh giặc và làm thơ :  |b Tuyển thơ nhiều tác giả  |n T.1 /  |c Gia Dũng sưu tầm - biên soạn - tuyển chọn. 
260 |a Hà Nội :  |b Thanh niên,  |c 1998. 
300 |a 615tr. ;  |c 20.5cm. 
520 3 |a Tập thơ : "Chúng tôi đánh giặc và làm thơ" bao gồm sáng tác của các nhà thơ đã tham gia quân ngũ qua hai cuộc kháng chiến chống thực dân Pháp và đế quốc Mỹ. 
630 0 4 |a Thơ. 
630 0 4 |a Văn học Việt. 
650 0 4 |a Thi ca Việt  |x Tuyển chọn. 
OWN |a DUT 
999 |a From the UDN01 
TYP |a Monograph 
TYP |a Printed language 
980 |a Mạng thư viện Đại học Đà Nẵng